1663 1384 1595 1965 1252 1974 1441 1872 1978 1676 1670 1581 1953 1310 1578 1461 1151 1444 1693 1883 1576 1519 1864 1671 1989 1697 1327 1014 1617 1690 1872 1435 1997 1769 1287 1635 1508 1881 1544 1211 1898 1192 1186 1504 1530 1999 1344 1424 1313 1029 1845 1465 1818 1723 1898 1895 1844 1020 1293 1835 1718 1224 1267 1404 1842 1182 1097 1037 1993 1277 1696 1685 1259 1570 1229 1375 1237 1010 1248 1086 1848 1776 1915 1862 1574 1797 1311 1809 1187 1121 1783 1365 1096 1526 1791 1434 1881 1584 1023 BCNSPRNW ULIB Ver.6.0+V

เปลี่ยนเป็นภาษาไทย

Change to English
 แสดงรายละเอียดบรรณานุกรม
  กลับหน้าหลัก

Brief Record : Get Marc (ISO 2709) : E-mail record : QR code < ปิดหน้าต่าง
LEADER : 00000nam 2200000uu 4500
001    13399122782
003     ULIB
008    130923s2555||||th 000 0 tha d
020    ^a9789742476182
060 04 ^aWB327^bส637ร
100    ^aสาทิส อินทรกำแพง
245 1  ^aเรื่องของภูมิชีวิต = ^bImmune system ^c/ สาทิส อินทรกำแพง
246  3  ^aImmune system
250    ^aพิมพ์ครั้งที่ 11
260    ^aกรุงเทพฯ : ^bอัมรินทร์สุขภาพ, ^c2555
300    ^a213 หน้า ; ^c21 ซม.
440 0   ^aชุดชีวิตและสุขภาพ ; ลำดับที่ 152
650    ^aภูมิชีวิต
650    ^aภูมิต้านทาน
650    ^aการล้างพิษ
945    ^p195^l0^i034006
999    ^aเกษร โพธิ์สุวรรณ
รายการนี้ยังไม่มีแท็ก
คุณยังไม่ได้ล็อกอิน คุณสามารถมีกิจกรรมร่วมกับเว็บไซต์ได้ แต่ต้องล็อกอินก่อน ::
  ล็อกอิน

รายการสื่อสารสนเทศ

ลำดับที่ ประเภท เลขเรียก/บาร์โค้ด สถานที่ สถานะ
1. วิทยาศาสตร์การแพทย์ และสุขภาพ
หนังสือสำรอง
สถานะ=หนังสือสำรอง
WB327 ส637ร ฉ.1 
  Barcode: 034006
ห้องสมุดวิทยาเขตสวรรค์ประชารักษ์
►ส่วนจัดเก็บหนังสือเก่า สปร
บนชั้น
  ขอยืม

รายการใกล้เคียง
    ผู้แต่ง [สาทิส อินทรกำแพง]

    หัวเรื่อง [ภูมิชีวิต]
    หัวเรื่อง [ภูมิต้านทาน]
    หัวเรื่อง [การล้างพิษ]

BibComment


ยังไม่เคยถูกคอมเมนท์

คอมเมนท์ทรัพยากรรายการนี้
  คอมเมนท์: เรื่องของภูมิชีว..


 Copyright 2026. Bcnsprnw @Library